[Event "Floripa Chess Open 2024"]
[Site "Florianopolis"]
[Date "2024.01.23"]
[Round "5.106"]
[White "Hirano, Enzo Erich Kreutz"]
[Black "Kerr, Lennon"]
[Result "1-0"]
[WhiteElo "1861"]
[BlackElo "1557"]
[PlyCount "93"]
[EventDate "2024.01.20"]
[EventRounds "10"]
[EventCountry "BRA"]

1. e4 e6 2. d4 d5 3. Nd2 c5 ({RR} 3... Nf6) 4. exd5 exd5 5. Bb5+ Nc6 6. Qe2+ ({
RR} 6. Ngf3) 6... Be6 7. dxc5 ({RR} 7. Ngf3) 7... Bxc5 8. Nb3 Bb6 9. Bf4 $146 (
{RR} 9. c3 Nf6 10. Nf3 O-O 11. O-O a6 12. Bxc6 bxc6 13. Nbd4 Bd7 14. Qc2 c5 15.
Nf5 Ne4 16. Ng3 Re8 17. Nd2 Bb5 18. Ndxe4 dxe4 19. c4 Bc6 20. Qe2 Bc7 21. Qg4
Be5 22. Bg5 Qc8 23. Qxc8 Raxc8 {Ivanov,P-Toshev,Y Sofia 1945 1-0 (69)}) ({RR} 
9. Nf3 Nge7 10. Nfd4 Bd7 11. Be3 O-O 12. O-O-O Rc8 13. Kb1 Re8 14. Nxc6 bxc6
15. Ba6 Rb8 16. c4 Nf5 17. c5 Bc7 18. Qd2 Nxe3 19. fxe3 Qe7 20. Rde1 Rxb3 21.
axb3 Qxc5 22. e4 Ba5 23. Qe3 d4 {Cuevas Araya,W (2185)-Riffo Paz,E (2299)
Santiago de Chile 2005 1-0 (41)}) ({RR} 9. Nf3 Nge7 10. Nbd4 Qd6 11. O-O O-O
12. Nxe6 fxe6 13. Re1 e5 14. Be3 e4 15. Ng5 d4 16. Nxe4 Qg6 17. Bd2 Nf5 18.
Bc4+ Kh8 19. Ng5 h6 20. Ne6 Nh4 21. Qe4 Nf3+ 22. Kh1 Qxe4 23. Rxe4 Nxd2 {
Jaivardhan,R (1901)-Martin Barcelo,C (2208) chess.com INT 2023 0-1}) ({RR} 9.
Nf3 Nf6 10. O-O O-O 11. Bg5 Bg4 ({RR} 11... h6) 12. Rae1 ({RR} 12. c3 Re8)
12... Qd6 13. Bxc6 bxc6 14. Qe5 Bc7 15. Qxd6 Bxd6 16. Nfd4 Bd7 17. Rd1 Rab8 18.
Bc1 c5 19. Ne2 Bf5 20. Na1 ({RR} 20. c4) 20... Rfe8 21. Rfe1 ({RR} 21. Ng3 Bg6)
21... d4 22. Ng3 Bg6 23. Rxe8+ Rxe8 {Noradounguian,G-Boutteville,C Besancon
1949 0-1 (40)}) 9... Nf6 10. f3 O-O 11. O-O-O Rc8 12. Bxc6 Rxc6 13. g4 Re8 14.
Qd2 Bxg4 15. fxg4 Ne4 16. Qg2 Nf2 17. Qf3 Nxd1 18. Qxd1 Qf6 19. Bd2 Rec8 20. c3
a5 21. g5 Qf5 22. Nf3 Rc4 23. Rf1 a4 24. Nbd4 Bxd4 25. Nxd4 Qd7 26. Nc2 d4 27.
Qf3 b5 28. a3 Qe7 29. Re1 Qd6 30. Qe4 Qd7 31. Qe7 Qxe7 32. Rxe7 Kf8 33. Re1
dxc3 34. bxc3 R4c5 35. Re2 Rd8 36. Kb2 Rcd5 37. Nd4 Re8 38. Rf2 Re4 39. Kc2 Rc5
40. Kd3 Ree5 41. h4 g6 42. Rf6 Kg7 43. Rb6 h6 44. gxh6+ Kg8 45. Bg5 Re8 46. h7+
Kxh7 47. Bf6 1-0

[Event "Floripa Chess Open 2024"]
[Site "Florianopolis"]
[Date "2024.01.23"]
[Round "5.107"]
[White "Lemes, Cintia"]
[Black "Fischer, Ivo Lucio"]
[Result "0-1"]
[WhiteElo "1576"]
[BlackElo "1860"]
[PlyCount "79"]
[EventDate "2024.01.20"]
[EventRounds "10"]
[EventCountry "BRA"]

1. e4 c5 2. c3 d5 3. exd5 Qxd5 4. d4 Nc6 5. Nf3 cxd4 6. cxd4 e5 7. Nc3 Bb4 8.
a3 Bxc3+ 9. bxc3 Nge7 ({RR} 9... exd4 10. Nxd4 Nf6 11. Nxc6 Qxc6 12. Qf3 Qxf3
13. gxf3 O-O 14. Be3 Be6 15. Bb5 a6 16. Ba4 Rac8 17. Bd4 Bd5 18. Rg1 Rfe8+ 19.
Kd2 Re6 20. Rab1 Bxf3 21. Rbe1 Rxe1 22. Rxe1 b5 23. Bb3 Re8 24. Bxf6 {Smirnov,
T (2368)-Ratnesan,R (2138) chess.com INT 2024 0-1 (32)}) 10. c4 $146 ({RR} 10.
Be2 exd4 11. cxd4 O-O 12. Be3 b6 13. O-O Bb7 14. Rc1 Qd6 15. Qd3 Nd5 16. Qf5
Nce7 17. Qe5 Qd7 18. Bd3 Ng6 19. Qh5 Nf6 20. Qg5 Nd5 21. Bf5 Qd6 22. Ne5 Qxa3
23. Nc4 Qe7 24. Qg3 Rfd8 {Christensen,J (1951)-Veng,J (2126) Aarhus 2003 0-1  
(41)}) ({RR} 10. dxe5 Qxd1+ 11. Kxd1 Bg4 12. Be2 O-O-O+ 13. Kc2 Ng6 14. Be3
Rhe8 15. Rhd1 Rxd1 16. Bxd1 Ngxe5 17. Nxe5 Bxd1+ 18. Rxd1 Rxe5 19. c4 Re4 20.
Kc3 b6 21. h3 h5 22. Rd5 g6 23. Rd2 Kc7 24. g3 Ne7 {Agrest,S (2238)-Gaponenko,
I (2445) Mallorca 2004 1/2-1/2 (46)}) ({RR} 10. Be2 exd4 11. cxd4 O-O 12. O-O
Rd8 13. Qa4 Be6 14. Rb1 Nf5 15. Rd1 a6 16. Bb2 Rac8 17. Rbc1 Qa2 18. Rd2 Bb3
19. Bc4 Qxb2 20. Rxb2 Bxa4 21. Rxb7 Nd6 22. Rb6 Nxc4 23. Rxc4 Bb5 24. Rc1 Nxd4
{Berry,F-Lucas,C Las Vegas 1975 0-1 (37)}) 10... Qe4+ 11. Be3 exd4 12. Bd3 Qe6
13. Ng5 Qd6 14. Bd2 Qe5+ 15. Kf1 h6 16. Ne4 O-O 17. Qf3 Qf5 18. Qg3 Qg6 19. Qf4
Qg4 20. Qd6 Rd8 21. Qg3 Qxg3 22. hxg3 Ne5 23. Ke2 Bf5 24. Bb4 Nxd3 25. Kxd3 Nc6
26. f3 Ne5+ 27. Ke2 Bxe4 28. fxe4 Nxc4 29. Rhd1 f6 30. Rac1 Rac8 31. Rd3 Kf7
32. Be1 Ke6 33. g4 Rc6 34. Bg3 Ne5 35. Bxe5 Rxc1 36. Bxd4 Rc4 37. Bxa7 Rxe4+
38. Re3 Kd5 39. Kd3 Rxe3+ 40. Kxe3 0-1

[Event "Floripa Chess Open 2024"]
[Site "Florianopolis"]
[Date "2024.01.23"]
[Round "5.108"]
[White "Flesch, Lucas Henrique Ye"]
[Black "Azevedo, Edmundo"]
[Result "1/2-1/2"]
[WhiteElo "1571"]
[BlackElo "1860"]
[PlyCount "102"]
[EventDate "2024.01.20"]
[EventRounds "10"]
[EventCountry "BRA"]

1. e4 d5 2. exd5 Qxd5 3. Nc3 Qd8 4. d4 c6 5. Bc4 Nf6 6. Nf3 e6 7. O-O Be7 8.
Re1 ({RR} 8. a4 O-O 9. Qe2 b6 10. Re1 a5 11. Bb3 Ba6 12. Qe3 Ra7 13. Ne5 c5 14.
dxc5 Bxc5 15. Qg3 Nfd7 16. Bf4 Kh8 17. Rad1 Qc8 18. Ne4 Nc6 19. Nf3 Ne7 20. Qh3
Ng6 21. Nfg5 h6 22. Bd6 Ne7 {Nevednichy,V (2581)-Saric,I (2461) Bizovac 2006
1-0}) 8... O-O 9. Bg5 h6 $146 ({RR} 9... b5 10. Bd3 Bb7 11. Qe2 Nbd7 12. Rad1
b4 13. Ne4 Nd5 14. Bxe7 Qxe7 15. Ne5 N5f6 16. Nxd7 Nxd7 17. Qh5 h6 18. Qa5 Rfd8
19. Qc7 Rab8 20. Nc5 Ba8 21. Be4 Kf8 22. Qxa7 Qd6 23. Bf3 Rb5 24. a3 {Kacprzak,
K (2250)-Zurkowski,A (1985) Leba POL 2023 1-0 (41)}) 10. Bh4 Nd5 11. Bxe7 Nxe7
12. Qd2 Nd7 13. Rad1 Nd5 14. Ne5 Qb6 15. Bxd5 cxd5 16. Re3 Nxe5 17. dxe5 f5 18.
exf6 Rxf6 19. Rg3 Bd7 20. Qe2 Raf8 21. Rf1 Bc6 22. h3 Kh8 23. b3 Qc5 24. a4 a6
25. Qe5 Qe7 26. Nd1 Rf5 27. Qc3 Rf4 28. Re1 R8f6 29. Ne3 Rxf2 30. Ng4 d4 31.
Qxd4 R6f4 32. Qe3 Kh7 33. Qd3+ Kh8 34. Ne5 Qb4 35. c3 Qb6 36. Kh2 Be8 37. Ng6+
Bxg6 38. Qxg6 Qc7 39. Rxe6 Rf5 40. Re8+ Rf8 41. Rxf8+ Rxf8 42. c4 Rf6 43. Qe8+
Kh7 44. Qe4+ Kh8 45. Qe3 Rf8 46. Kg1 Qd7 47. Qd3 Qe7 48. Re3 Qc5 49. Kh2 Qc7+
50. Rg3 Rd8 51. Qg6 Rf8 1/2-1/2

[Event "Floripa Chess Open 2024"]
[Site "Florianopolis"]
[Date "2024.01.23"]
[Round "5.109"]
[White "Ferreira, Carlos Eduardo"]
[Black "Santos, Abel Cardoso Dos"]
[Result "0-1"]
[WhiteElo "1568"]
[BlackElo "1854"]
[PlyCount "136"]
[EventDate "2024.01.20"]
[EventRounds "10"]
[EventCountry "BRA"]

1. e4 e5 2. Nc3 Nf6 3. Bc4 Nc6 4. Bb3 Nd4 5. Nf3 Nxb3 6. axb3 d6 7. d3 Be7 8.
h3 O-O 9. O-O Re8 10. Re1 ({RR} 10. Be3 b6 11. d4 Bb7 12. Qd3 exd4 13. Nxd4 Nd7
14. f3 g6 15. Qd2 Bh4 16. Nde2 a5 17. Rfd1 Qe7 18. Nf4 Rac8 19. Nfd5 Bxd5 20.
Nxd5 Qe6 21. Qc3 Bd8 22. Bd4 c6 23. Nf4 Qe7 24. Re1 Ne5 {Pirs,M (1943)
-Stevanic,D (2261) Nova Gorica SLO 2022 0-1 (42)}) 10... c5 ({RR} 10... Bf8 11.
d4 exd4 12. Qxd4 a6 13. Bg5 {1/2-1/2 (13) Kestler,H (2345)-Goldberg,A (2405)
Germany 1996}) 11. Bd2 $146 ({RR} 11. Be3 Bf8 12. Bg5 h6 13. Bxf6 Qxf6 14. Nd5
Qd8 15. Qd2 Be6 16. Ne3 g6 17. b4 Bg7 18. Ra5 b6 19. Ra3 f5 20. Rea1 Qe7 21. b5
Qf7 22. Qe2 Re7 23. Nd2 Rd8 24. c4 Kh7 25. Qf3 Rf8 {Djaballah,F (2087)
-Chudinovskikh,A (2236) Frydek Mistek 2017 1/2-1/2 (49)}) ({RR} 11. Nh2 g6 12.
Qf3 Be6 13. Nf1 Nh5 14. g4 Nf6 15. Ne3 Qd7 16. Kh2 Kh8 17. Rg1 Rg8 18. Ned5
Bxd5 19. exd5 a6 20. Rg2 Kg7 21. Be3 b5 22. h4 b4 23. g5 Nh5 24. Ne4 Rgf8 25.
Ng3 Nxg3 {Gencer,O (1932)-Kravtsiv,M (2450) Acri 2006 0-1 (37)}) 11... h6 12.
Ne2 Bf8 13. Ng3 g6 14. c4 b5 15. Be3 Be6 16. Qd2 Kh7 17. Ra2 Re7 18. Nh2 Rb7
19. f4 Bd7 20. Rf1 Be8 21. Nf3 exf4 22. Bxf4 Bg7 23. Raa1 Ng8 24. Rab1 Ne7 25.
Ne2 Nc6 26. Nc3 bxc4 27. bxc4 Ne5 28. Nh2 Rab8 29. Rf2 Qa5 30. Nf1 Rb3 31. Qc2
R3b7 32. Ne3 Rd8 33. Ned5 Nc6 34. Be3 Nd4 35. Qc1 f5 36. Kh1 Nb3 37. Qe1 Rf7
38. exf5 gxf5 39. Qd1 Rb8 40. Bf4 Qd8 41. Qf3 Nd4 42. Qg3 Bf8 43. Ra1 Ne6 44.
Re2 Nxf4 45. Nxf4 Rg7 46. Qf3 Qc8 47. Ne6 Rf7 48. Nxf8+ Rxf8 49. Nd5 Rf7 50.
Rae1 Bc6 51. Qh5 Bxd5 52. cxd5 Qf8 53. Re6 Rf6 54. Re8 Rxe8 55. Rxe8 Qg7 56.
Qe2 Rf7 57. Qe6 a5 58. Rd8 Rf6 59. Rd7 Rxe6 60. dxe6 Kg6 61. e7 Qf7 62. Rxd6+
Kg5 63. Rd7 Qe6 64. Rb7 h5 65. Kg1 h4 66. Kf1 Kf4 67. Kg1 Kg3 68. Kf1 Qe3 0-1

[Event "Floripa Chess Open 2024"]
[Site "Florianopolis"]
[Date "2024.01.23"]
[Round "5.110"]
[White "Deretti, Lucas Jurk"]
[Black "Pessoa, Marcio De Souza"]
[Result "1/2-1/2"]
[WhiteElo "1548"]
[BlackElo "1846"]
[PlyCount "110"]
[EventDate "2024.01.20"]
[EventRounds "10"]
[EventCountry "BRA"]

1. e4 c6 2. d4 d5 3. e5 c5 4. dxc5 e6 5. b4 ({RR} 5. a3 Bxc5 6. Qg4 g6 7. Bd3
Nc6 8. Nf3 Qc7 9. Bf4 Bd7 10. O-O h5 11. Qg3 O-O-O 12. Nc3 h4 13. Nxh4 g5 14.
Bxg5 Nge7 15. b4 Bd4 16. Nb5 Qb6 17. Nxd4 Qxd4 18. Nf3 {1-0 (18) Ivanchuk,V  
(2710)-Akopian,V (2684) Warsaw 2003}) 5... Nd7 $146 ({RR} 5... a5 6. c3 axb4 7.
cxb4 b6 8. cxb6 Bxb4+ 9. Bd2 Qxb6 10. Nc3 Bd7 11. Rb1 Qa5 12. Qb3 Nc6 13. Bb5
d4 14. Ne4 Bxd2+ 15. Nxd2 Nxe5 16. Qg3 Ng6 17. Bxd7+ Kxd7 18. Rb7+ Ke8 19. Ngf3
N8e7 20. Rb8+ {Tweedie,C (1735)-Nolan,G (2145) Aberdeen 2002 1/2-1/2 (37)}) ({
RR} 5... a5 6. c3 axb4 7. cxb4 b6 8. Be3 bxc5 9. bxc5 Nd7 10. Nf3 Bxc5 11. Bxc5
Nxc5 12. Nbd2 Ne7 13. Qc2 Qa5 14. Rc1 Ne4 15. Bd3 Nxd2 16. Nxd2 h6 17. O-O O-O
18. Qc7 Qxd2 19. Rfd1 Qg5 20. f4 {Truskavetsky,A (2348)-Romanchuk,V (2266)
chess.com INT 2024 1-0 (46)}) ({RR} 5... a5 6. c3 axb4 7. cxb4 b6 8. Bb5+ Bd7
9. Bxd7+ Nxd7 10. Nf3 bxc5 11. bxc5 Bxc5 12. O-O Ne7 13. Bb2 Ng6 14. Nbd2 O-O
15. Nb3 Bb6 16. Qd2 Bc7 17. Qe3 Qb8 18. Rfe1 Ra4 19. Bd4 Nb6 20. Nbd2 {
Hodovsky,J-Pospisil,E (2112) Brno 2002 0-1}) 6. Nf3 Ne7 7. Bb2 b6 8. cxb6 Qxb6
9. a3 Nf5 10. Bd3 g6 11. Nbd2 Ba6 12. Nb3 Bg7 13. O-O O-O 14. Bxa6 Qxa6 15. Qd3
Qb7 16. c4 dxc4 17. Qxc4 Nb6 18. Qb5 a6 19. Qe2 Na4 20. Rac1 Nxb2 21. Qxb2 a5
22. Nc5 Qb5 23. Ne4 axb4 24. axb4 Rfb8 25. Rc5 Qxb4 26. Qxb4 Rxb4 27. Nf6+ Bxf6
28. exf6 Nd6 29. Rfc1 Rbb8 30. Rc7 Rc8 31. Rxc8+ Rxc8 32. Rxc8+ Nxc8 33. g4 Nd6
34. g5 Ne4 35. h4 h6 36. Kf1 hxg5 37. hxg5 Kf8 38. Ke2 Nc3+ 39. Kd3 Nd1 40. Ke2
Nc3+ 41. Kd3 Nd5 42. Ne5 Nf4+ 43. Ke4 Nh3 44. f4 Nf2+ 45. Kd4 Nh3 46. Nd3 Ke8
47. Ke3 Kd7 48. Kf3 e5 49. Nxe5+ Ke6 50. Nc6 Nxg5+ 51. fxg5 Kf5 52. Ne7+ Kxg5
53. Ng8 Kf5 54. Kg3 Kg5 55. Kf3 Kf5 1/2-1/2

[Event "Floripa Chess Open 2024"]
[Site "Florianopolis"]
[Date "2024.01.23"]
[Round "5.111"]
[White "Carmo, Jose Arlindo"]
[Black "Karoly, Carlos Acacio Gomes"]
[Result "0-1"]
[WhiteElo "1541"]
[BlackElo "1846"]
[PlyCount "119"]
[EventDate "2024.01.20"]
[EventRounds "10"]
[EventCountry "BRA"]

1. e4 c5 2. Nf3 e6 3. d3 Nc6 4. g3 d6 5. Bg2 Nf6 6. O-O Be7 7. Nbd2 O-O 8. Re1
Qc7 9. h3 ({RR} 9. Nc4 b5 10. Ne3 Bb7 11. b3 Nd7 12. Bb2 Bf6 13. d4 cxd4 14.
Nxd4 Qb6 15. c3 Nc5 16. Ng4 Be7 17. Qe2 h5 18. Ne3 Nxd4 19. cxd4 Nxe4 20. d5
Nf6 21. dxe6 fxe6 22. Bxb7 Qxb7 23. Bxf6 Bxf6 {Hug,W (2445)-Klinger,J (2475)
Switzerland 1989 1-0 (45)}) 9... a6 ({RR} 9... b6 10. Nf1 Bb7 11. g4 Rfe8 12.
Bf4 Rad8 13. Bg3 Nd7 14. c3 Nde5 15. Qc2 b5 16. a3 Qb6 17. N3h2 Ng6 18. f4 Bh4
19. Bxh4 Nxh4 20. Qf2 Ng6 21. Qc2 Nh4 22. Qf2 Ng6 23. Qc2 Nh4 24. Qf2 {
Radlovacki,J (2268)-Baradaran Tamadon,A (2202) Ayvalik TUR 2023 1/2-1/2}) 10.
Nf1 b5 11. N1h2 $146 ({RR} 11. Be3 Re8 12. N1d2 d5 13. c3 dxe4 14. dxe4 Bb7 15.
Qc2 Red8 16. Nh2 Ne5 17. Bf4 Qd6 18. Rad1 Qd3 19. Qc1 Nc4 20. Nb3 Nxb2 21. Qxb2
Qxd1 22. Rxd1 Rxd1+ 23. Nf1 Rd7 24. Qe2 Rad8 25. Bg5 Rc8 {Ziegenfuss,L (1316)
-Petrow,J (1220) Magdeburg 2014 0-1 (50)}) 11... Bb7 12. Qe2 Nd4 13. Nxd4 cxd4
14. Nf3 e5 15. Bd2 Bc8 16. c3 dxc3 17. Bxc3 Rb8 18. d4 b4 19. dxe5 bxc3 20.
exf6 Bxf6 21. Rac1 Qa5 22. b3 Re8 23. Qc2 Bb7 24. Rcd1 Qb4 25. Nh2 g6 26. Ng4
Bg7 27. f3 Rbc8 28. Kh2 a5 29. Ne3 Ba6 30. Nd5 Qa3 31. Bf1 Bxf1 32. Rxf1 Rc6
33. Rc1 Kf8 34. Qd3 Qxa2+ 35. Qc2 Qxc2+ 36. Rxc2 Rb8 37. Rb1 Ke8 38. Kg2 Kd7
39. Kf1 Rc5 40. Ke2 f5 41. Kd3 fxe4+ 42. fxe4 Rf8 43. Ke3 Bh6+ 44. Ke2 Bg7 45.
g4 Re8 46. Kd3 Rf8 47. Ke2 Be5 48. Rd1 Rb5 49. Nxc3 Rxb3 50. Rd3 Bxc3 51. Rcxc3
Rxc3 52. Rxc3 a4 53. Ra3 Ra8 54. Ke3 Ke6 55. Kd4 g5 56. Kd3 d5 57. exd5+ Kxd5
58. Kc3 Kc5 59. Ra2 a3 60. Kb3 0-1

[Event "Floripa Chess Open 2024"]
[Site "Florianopolis"]
[Date "2024.01.23"]
[Round "5.113"]
[White "Cunha, Rodrigo Azalim"]
[Black "De Oliveira, Jairo Quintiliano"]
[Result "0-1"]
[WhiteElo "1540"]
[BlackElo "1840"]
[PlyCount "58"]
[EventDate "2024.01.20"]
[EventRounds "10"]
[EventCountry "BRA"]

1. e4 e5 2. Nf3 Nc6 3. Bb5 a6 4. Ba4 Nf6 5. O-O Nxe4 6. d4 b5 7. Bb3 d5 8. dxe5
Be6 9. Nbd2 Nc5 10. c3 d4 11. Ng5 Qxg5 12. Qf3 O-O-O 13. Bxe6+ fxe6 14. Qxc6
Qxe5 15. Nf3 Qd5 16. Qxd5 Rxd5 17. cxd4 Nd3 18. a4 $146 ({RR} 18. Rd1 Nb4 19.
Be3 Bd6 20. a3 Nc6 21. Rac1 Na5 22. Nd2 Kb7 23. g4 Re8 24. Rc2 Nc6 25. Ne4 e5
26. Nxd6+ Rxd6 27. d5 Ne7 28. Rc5 Ng6 29. b4 Red8 30. a4 bxa4 31. b5 a5 32. Kg2
Ne7 {Bluvshtein,M (2462)-Mikhalevski,V (2551) Kapuskasing 2004 0-1 (57)}) 18...
b4 19. Bd2 Nxb2 20. Rfb1 Nd3 21. Ng5 Rxd4 22. Nxe6 Re4 23. Nxf8 Rxf8 24. Rb3
Rd8 25. Bg5 Rd7 26. f3 Re5 27. Bh4 c5 28. Rxd3 Rxd3 29. Rc1 b3 0-1

[Event "Floripa Chess Open 2024"]
[Site "Florianopolis"]
[Date "2024.01.23"]
[Round "5.114"]
[White "Perondi, Rodolfo Antonio"]
[Black "Moreira, Everaldo Bonifacio"]
[Result "1-0"]
[WhiteElo "1840"]
[BlackElo "1541"]
[PlyCount "57"]
[EventDate "2024.01.20"]
[EventRounds "10"]
[EventCountry "BRA"]

1. e4 e5 2. Nf3 Nc6 3. Bc4 Nf6 4. d4 exd4 5. Nxd4 Nxd4 6. Qxd4 d6 7. Nc3 Be7 8.
Bg5 O-O 9. O-O-O Be6 10. f3 ({RR} 10. Bxe6 fxe6 11. e5 Nh5 12. Bxe7 Qxe7 13.
exd6 cxd6 14. g3 d5 15. f4 Nf6 16. Rde1 Qd7 17. Re2 b5 18. Rhe1 Rfe8 19. Nd1
Qc6 20. Nf2 Rac8 21. Nd3 Ne4 22. Nf2 Nd6 23. Nd3 Nf5 24. Qxa7 Rc7 {Cakmak,S  
(1784)-Yamac,Y (1781) Konya TUR 2019 0-1 (32)}) 10... Bxc4 11. Qxc4 Ne8 $146
12. Bxe7 Qxe7 13. Nd5 Qe6 14. Qd4 Qe5 15. Qxe5 dxe5 16. Ne7+ Kh8 17. Rd7 g6 18.
g4 b6 19. h4 Nf6 20. Rxc7 Rfd8 21. Rd1 Rxd1+ 22. Kxd1 Rd8+ 23. Ke2 Rd7 24. Rxd7
Nxd7 25. Kd3 Kg7 26. Kc4 a6 27. Kd5 Kf8 28. Nc6 Ke8 29. Nxe5 1-0

[Event "Floripa Chess Open 2024"]
[Site "Florianopolis"]
[Date "2024.01.23"]
[Round "5.116"]
[White "Pimenta, Elisandro Da Silva"]
[Black "De Souza, Joao Francisco Biz"]
[Result "0-1"]
[WhiteElo "1829"]
[BlackElo "1523"]
[PlyCount "120"]
[EventDate "2024.01.20"]
[EventRounds "10"]
[EventCountry "BRA"]

1. e4 e6 2. d4 d5 3. Nd2 Nf6 4. e5 Nfd7 5. Bd3 c5 6. c3 Nc6 7. Ne2 Be7 8. Nf3
Rb8 ({RR} 8... a5 9. h4 a4 10. Nf4 cxd4 11. cxd4 Bb4+ 12. Kf1 a3 13. b3 Qb6 14.
Be3 Bc3 15. Rc1 Bb2 16. Ng5 Nxd4 17. Nfxe6 Ke7 18. Nc7 Ra5 19. Nxf7 Kxf7 20.
e6+ Ke7 21. exd7 Bxc1 22. Qxc1 Kd6 23. Qc3 {Ionescu,D (2310)-Bets,A (2405)
Bucharest 1994 0-1}) 9. O-O ({RR} 9. h4 b5 10. Nf4 cxd4 11. cxd4 Bb4+ 12. Kf1
Qb6 13. Be3 Bf8 14. Ng5 g6 15. h5 Bh6 16. Nxf7 Kxf7 17. hxg6+ hxg6 18. Nxg6 {
1-0 (18) Delgado Romero,M (2316)-Alfaro Zambrano,L (1694) Lima PER 2023}) 9...
c4 10. Bc2 b5 11. Ne1 $146 ({RR} 11. Bf4 Nb6 12. a3 Bd7 13. Qd2 Na4 14. Rfb1
Na5 15. Nc1 Qc7 16. Na2 O-O 17. Nb4 Rb6 18. Nxd5 exd5 19. e6 Bd6 20. Bxd6 Qxd6
21. exd7 Qxd7 22. h3 Rh6 23. b4 cxb3 24. Bxb3 Nxb3 25. Rxb3 a6 {Sniadecki,J  
(2000)-Baranowski,P (1800) Poland 2006 0-1 (36)}) 11... a5 12. f4 Qb6 13. a3 g6
14. Kh1 Bb7 15. Nf3 h6 16. Bd2 a4 17. Qe1 Kd8 18. Qg3 Kc7 19. f5 gxf5 20. Bxf5
Rbg8 21. Qh3 exf5 22. Nf4 Nd8 23. Qxf5 Bg5 24. Nxg5 hxg5 25. Ne2 Qe6 26. Ng3
Bc8 27. Kg1 Qh6 28. Qf3 Nb6 29. Kf2 Qg6 30. Kg1 Be6 31. Rae1 Nd7 32. Rf2 g4 33.
Qf4 Qh7 34. Kf1 Qxh2 35. Ke2 Qh7 36. Ref1 Rf8 37. Kd1 Qb1+ 38. Bc1 Qd3+ 39. Rd2
Qg6 40. Rdf2 Kc6 41. Qe3 Re8 42. Ne2 g3 43. Rf3 Qd3+ 44. Qxd3 cxd3 45. Rxd3 Bg4
46. Bf4 f6 47. Rxg3 Bxe2+ 48. Kxe2 fxe5 49. Rg6+ Ne6 50. dxe5 Rhg8 51. Rxg8
Rxg8 52. g3 Ndc5 53. Ke3 Ne4 54. Rg1 Kc5 55. Kf3 N4g5+ 56. Ke3 Nh3 57. Rf1 Rf8
58. Rf3 Kc4 59. Kd2 Nhxf4 60. gxf4 Rxf4 0-1

[Event "Floripa Chess Open 2024"]
[Site "Florianopolis"]
[Date "2024.01.23"]
[Round "5.117"]
[White "Barbosa, Rafael Santos"]
[Black "Rodriguez Farias, Eduardo"]
[Result "0-1"]
[WhiteElo "1524"]
[BlackElo "1829"]
[PlyCount "84"]
[EventDate "2024.01.20"]
[EventRounds "10"]
[EventCountry "BRA"]

1. d4 Nf6 2. c4 c5 3. d5 b5 4. cxb5 a6 5. bxa6 g6 6. Nc3 Bxa6 7. e4 Bxf1 8.
Kxf1 d6 9. g3 Bg7 10. Kg2 O-O 11. Nf3 Nbd7 12. Qe2 Qa5 13. a4 Nb6 $146 ({RR} 
13... Rfb8 14. Bd2 Rxb2 15. Nd1 Rxd2 16. Nxd2 Nxd5 17. Ra2 Nb4 18. Ra3 Nb6 19.
Ne3 Nxa4 20. Qc4 Bb2 21. Rb3 Nb6 22. Qe2 Qa2 23. Nc2 Nxc2 24. Rxb6 Nb4 25. Nc4
Bd4 26. Qxa2 Rxa2 27. Rb7 Rxf2+ 28. Kh3 {Vanek,L (2271)-Engesser,J (2007)
Prague CZE 2018 0-1 (39)}) ({RR} 13... Rfb8 14. Ra3 Ng4 15. Bg5 Kf8 16. h4 h5
17. Bc1 Nge5 18. Nd2 Nb6 19. f4 Ng4 20. Rf1 Kg8 21. Rf3 Rc8 22. Nc4 Nxc4 23.
Qxc4 Qb4 24. Qe2 c4 25. Qc2 Qa5 26. Bd2 Qb6 27. Nb5 Qb7 28. Bc3 {Dragun,K  
(2530)-Andriasian,Z (2610) Warsaw 2013 0-1 (38)}) ({RR} 13... Ne8 14. Nb5 Nc7
15. Bd2 Qb6 16. Bc3 Rfb8 17. Nxc7 Qxc7 18. h4 h5 19. Ra3 Rb7 20. Re1 Rab8 21.
e5 dxe5 22. Nxe5 Nxe5 23. Bxe5 Bxe5 24. Qxe5 Qd8 25. Rf3 Ra8 26. Re4 Rd7 27.
Qf4 Qf8 28. Re5 {Martinez Reyes,P (2342)-Demina,M (1936) chess.com INT 2023
1-0 (93)}) ({RR} 13... Rfb8 14. Ra3 Rb4 15. Bd2 Rxb2 16. Nd1 Rb4 17. Bxb4 cxb4
18. Ra2 b3 19. Rd2 Nc5 20. Rd4 Nfd7 21. Rd2 Qxa4 22. Re1 Qb4 23. e5 Nxe5 24.
Nxe5 Bxe5 25. f4 Bf6 26. h4 Ne4 27. Rd3 Ra2 {0-1 (27) Birkic,J (1996)-Sipic,H 
(2210) Bosnjaci CRO 2020}) 14. Qc2 Rfb8 15. Bd2 Nc4 16. Nb5 Nxd2 17. Nxd2 Nd7
18. Nc4 Qb4 19. Rhe1 Nb6 20. Nxb6 Rxb6 21. Reb1 Rb7 22. Nc3 Qb3 23. Qxb3 Rxb3
24. a5 Rxb2 25. Rxb2 Bxc3 26. Rba2 Bxa1 27. Rxa1 Kf8 28. Kf1 Ke8 29. Ke2 Kd8
30. Kd3 Kc7 31. Kc4 Rb8 32. Ra2 Rb4+ 33. Kd3 Kb7 34. h4 Ka6 35. h5 f5 36. hxg6
Rd4+ 37. Ke3 Rxe4+ 38. Kf3 hxg6 39. Rb2 Kxa5 40. Rb7 c4 41. Rc7 Kb4 42. Rb7+
Kc5 0-1

[Event "Floripa Chess Open 2024"]
[Site "Florianopolis"]
[Date "2024.01.23"]
[Round "5.118"]
[White "Barbosa, Flavio Novais"]
[Black "Gomes, Joao Paulo Santos"]
[Result "1/2-1/2"]
[WhiteElo "1827"]
[BlackElo "1514"]
[PlyCount "126"]
[EventDate "2024.01.20"]
[EventRounds "10"]
[EventCountry "BRA"]

1. d4 Nf6 2. c4 g6 3. Nf3 Bg7 4. g3 d6 5. Bg2 O-O 6. O-O c6 7. Nc3 Bf5 8. b3 d5
({RR} 8... Qc8 9. Bb2 Bh3 10. Rc1 Bxg2 11. Kxg2 a5 12. e4 Na6 13. Qe2 Nc7 14.
Rfd1 Ne6 15. d5 Nc5 16. Ba3 Nfd7 17. Ne1 Re8 18. Nd3 Na6 19. Qf3 c5 20. Bb2 Nb4
21. a4 e5 22. Nb5 Bf8 23. Ne1 {Markowski,T (2598)-Efimenko,Z (2660) Plovdiv
2008 0-1 (51)}) ({RR} 8... Qc8 9. Re1 e5 10. e3 Re8 11. Ba3 e4 12. Nd2 d5 13.
cxd5 cxd5 14. Nb5 Bg4 15. Qc1 Qd7 16. Nc7 Rc8 17. Nxa8 Rxc1 18. Raxc1 Na6 19.
f3 exf3 20. Nxf3 Qd8 21. Ne5 Be6 22. b4 Qxa8 23. b5 {Polevoy,D (1788)-Md,A  
(2022) Al Ain UAE 2023 1/2-1/2 (57)}) 9. Bb2 Na6 10. Ne5 $146 ({RR} 10. Nd2 Rc8
11. e4 dxe4 12. Ndxe4 Qd7 13. Qd2 Rcd8 14. Rad1 Qc8 15. Rfe1 Rfe8 16. Qe2 Nc7
17. Nc5 h5 18. b4 Nh7 19. Nb3 Nf6 20. a4 Bh3 21. b5 Bxg2 22. Kxg2 Ne6 23. bxc6
bxc6 24. Ne4 Nxe4 {Kashefi,A (2203)-Gaehwiler,G (2400) chess.com INT 2021 0-1 
(47)}) 10... Nc7 11. Rc1 Rc8 12. e3 Qd6 13. Qe2 Qe6 14. Na4 Na6 15. f3 Bh3 16.
Ba3 Bxg2 17. Kxg2 Nd7 18. Nxd7 Qxd7 19. Rfd1 Rfe8 20. f4 e6 21. h4 f6 22. Qf3
Qf7 23. Bd6 Rcd8 24. Ba3 Rc8 25. Rf1 Bf8 26. c5 Bg7 27. Nb2 Qe7 28. h5 Qf7 29.
Nd3 Rf8 30. Bb2 Rce8 31. Rh1 Nb8 32. Rh3 Nd7 33. Rf1 e5 34. fxe5 fxe5 35. Qxf7+
Rxf7 36. Rxf7 Kxf7 37. hxg6+ hxg6 38. dxe5 Nxe5 39. Nxe5+ Bxe5 40. Bxe5 Rxe5
41. Rh7+ Kf6 42. Kf3 Re7 43. Rh4 b6 44. cxb6 axb6 45. Ra4 Rb7 46. Ke2 c5 47.
Ra6 Kf5 48. Kf3 c4 49. bxc4 dxc4 50. e4+ Ke5 51. Ke3 g5 52. g4 Rd7 53. Rxb6
Rd3+ 54. Ke2 Kxe4 55. Rg6 Kf4 56. Rc6 Rd4 57. a4 Kxg4 58. a5 Kg3 59. a6 Rd5 60.
Rxc4 Ra5 61. Rc6 Kg2 62. Rg6 Kg3 63. a7 Rxa7 1/2-1/2